Úspešná prezentácia

Podrobná bibliografia
Hlavný autor: Hindle, Tim (ekonóm) (Autor)
Ďalší autori: Budjačová, Veronika (Prekladateľ)
Médium: Kniha
Jazyk:slovenčina
Fyzický popis:71 s. fareb. fotogr. 18 cm
Vydavateľské údaje: Bratislava Slovart c2001
ISBN:8071455547
Edícia:Základy manažmentu
Predmet:

MARC

LEADER 00000nam a2200000 a 4500
001 vtls001434770
003 SK-MaSNL
005 20260301162744.0
008 251113s2001 xo a r 0 slo
015 |a SNBA2002/09-03043 
020 |a 8071455547 
035 |a SNK000389852 
040 |a SNK  |b slo  |c SNK  |e AACR2 
041 0 |a slo 
044 |a xo  |c SK 
080 |a 159.923.2(082)  |2 1981 
080 |a 17(082)  |2 1981 
100 1 |a Hindle, Tim  |c (ekonóm)  |4 aut  |9 41661 
240 1 0 |a Essential managers - making presentations  |l Slovensky 
245 1 0 |a Úspešná prezentácia  |c Tim Hindle ; [z anglického originálu preložila Veronika Budjačová] 
260 |a Bratislava  |b Slovart  |c c2001 
300 |a 71 s.  |b fareb. fotogr.  |c 18 cm 
490 1 |a Základy manažmentu 
500 |a Údaj o prekl. prevzatý z rubu tit. strany 
504 |a Reg. 
650 0 7 |a osobnosť  |x prezentácia personálna  |x príručky  |2 SNK  |9 527789 
655 7 |a príručky  |2 SNK  |9 74364 
700 1 |a Budjačová, Veronika  |4 trl  |9 311506 
730 |t Essential managers - making presentations  |9 527790 
830 0 |a Základy manažmentu  |9 301135 
919 |a 80-7145-554-7 
958 |a TL 
958 |a OP 
958 |a NS 
958 |a GB 
968 |b ENG 
999 |c 814404  |d 816334 
952 |t P60, <03>, [BOOK], {603}  |a SNK  |b SNK  |y PREZ  |7 0  |p 17A0345515  |o snkSD 72158  |i snkKSP 6422/2002  |0 0  |1 0  |4 0  |d 2002-05-29  |l 0  |r 2005-01-02 00:00:00  |w 2026-02-24 
952 |t P60, <04>, [BOOK], {604}  |a SNK  |b SNK  |y VYP  |7 0  |p 17A0345516  |o snkSD 72158 D1  |i snkKSP 6423/2002  |0 0  |1 0  |4 0  |d 2002-05-29  |l 0  |r 2005-01-02 00:00:00  |w 2026-02-24 
952 |a SNK  |b SNK  |y VYP  |7 0  |p 17A0405221  |o snkSD 72158 D2   |i snkK 48/2004  |g 4.95  |0 0  |1 0  |4 0  |d 2004-02-10  |l 0  |r 2005-01-02 00:00:00  |w 2026-02-24